000 00306nam a22001337a 4500
008 170607b xxu||||| |||| 00| 0 eng d
020 _a2900813388426
041 _aeng
080 _a94
100 _a18
101 _aSHH
245 _aRURAL COMMUNITY IN THE INFORMATION AGE
_cALLEN,J.C
942 _2udc
_cBK
999 _c16310
_d16310